Denison University buildings Quiz Stats

Quiz not verified by Sporcle

Challenge
Share
Tweet
Embed
Score 0/66 Timer 07:00
0 Plays Today
Area % Correct
A-QuadDoane Administration Building
91%
A-QuadHoward Doane Library
91%
West QuadShorney Hall
91%
South QuadDoane Dance Building
91%
A-Quad Denison Fellows Hall
88.5%
East QuadEast Hall
88.5%
A-QuadBlair Knapp Hall
87.2%
East QuadHuffman Hall
87.2%
A-QuadSlayter Union
85.9%
East QuadBeaver Hall
85.9%
East QuadCrawford Hall
85.9%
West QuadSmith Hall
85.9%
Chapel WalkSwasey Chapel
84.6%
Chapel WalkSwasey Observatory
84.6%
South QuadBurton Hall
84.6%
Athletic ComplexMitchell Athletic Center
84.6%
West QuadCurtis West Hall
83.3%
A-Quad F.W. Olin Science Hall
82.1%
West QuadCurtis East Hall
82.1%
A-QuadHigley Hall
80.8%
East QuadSawyer Hall
78.2%
North QuadBeta Theta Pi House
78.2%
A-QuadEbaugh Laboratories
76.9%
North QuadThe Sunset Apartments
75.6%
North QuadSunset House
75.6%
A-QuadBurton D. Morgan Hall
73.1%
A-QuadSamson Talbot Hall
71.8%
Chapel WalkGilpatrick House
69.2%
East QuadShaw Hall
69.2%
East QuadShepardson Hall
69.2%
A-QuadBarney-Davis Hall
67.9%
North QuadTaylor House
66.7%
North QuadKappa Sigma House
61.5%
Area % Correct
South QuadKing Hall
61.5%
South QuadStone Hall
59%
North QuadMorrow House
57.7%
North QuadSigma Chi House
56.4%
North QuadASH House
56.4%
Chapel WalkBeth Eden
55.1%
Athletic ComplexDeeds Field and Piper Stadium
55.1%
A-QuadHerrick Auditorium
53.8%
North QuadChamberlin Lodge
52.6%
North QuadPreston House
52.6%
North QuadUpper Elm Hall
43.6%
North QuadLower Elm Hall
43.6%
Chapel WalkWhisler Medical Center
43.4%
South QuadDelta Delta Delta House
42.3%
South QuadBurke Hall of Music and Art
41%
South QuadDelta Gamma House
41%
South QuadKappa Kappa Gamma House
41%
South QuadPi Beta Phi House
41%
South QuadBryant Arts Center
39.7%
OtherRose House
38.5%
North QuadWright Hall
37.2%
South QuadKappa Alpha Theta House
35.9%
North QuadHayes Hall
34.6%
Athletic ComplexLamson Lodge
32.1%
OtherBancroft House
32.1%
OtherThe Homestead
29.5%
South QuadThe Open House
28.2%
South QuadAce Morgan Theatre
26.9%
South QuadCinema House
25.6%
North QuadMoshier-Huchison House
24.4%
South QuadMulberry House
23.1%
OtherProspect House
10.3%
South QuadPresidents' House
9.2%

You're not logged in!

Compare scores with friends on all Sporcle quizzes.
Sign Up with Email
OR
Log In

You Might Also Like...

Show Comments

Extras

Top Quizzes Today


Score Distribution

Your Account Isn't Verified!

In order to create a playlist on Sporcle, you need to verify the email address you used during registration. Go to your Sporcle Settings to finish the process.

Report this User

Report this user for behavior that violates our Community Guidelines.

Details: